000 00549nam a2200169Ia 4500
003 SGT
020 _a9789380027036
082 _a621.392
_bGUP
100 _aGupta,Shipra
245 _aDigital circuit system using VHDL
260 _bS.K. Kataria & SONS
_aN.Delhi
_c2012
300 _a252p.
650 _aELECTRONICS ENGINEERING
653 _aINTRODUCTION TO VHDL, VHDL STATEMENTS, COMBINATIONAL AND SEQUENTIAL CIRCUIT DESIGN, DESIGN OF MICROCOMPUTER AND PROGRAMMABLE DEVICE, VHDL PROGRAM FOR LAB
700 _aChaudhary,Neelu
942 _2ddc
_cBK
999 _c5468
_d5468